Essentials of economics. / (Record no. 3136)
[ view plain ]
| 000 -LEADER | |
|---|---|
| fixed length control field | 00826nam a22001697a 4500 |
| 008 - FIXED-LENGTH DATA ELEMENTS--GENERAL INFORMATION | |
| fixed length control field | 140715b xxu||||| |||| 00| 0 eng d |
| 020 ## - INTERNATIONAL STANDARD BOOK NUMBER | |
| International Standard Book Number | 9780273708810 |
| 050 ## - LIBRARY OF CONGRESS CALL NUMBER | |
| Classification number | HB171.S59 |
| 100 ## - MAIN ENTRY--PERSONAL NAME | |
| Personal name | Sloman John |
| 245 ## - TITLE STATEMENT | |
| Title | Essentials of economics. / |
| Statement of responsibility, etc. | John Slomon |
| 250 ## - EDITION STATEMENT | |
| Edition statement | 4th ed. |
| 260 ## - PUBLICATION, DISTRIBUTION, ETC. | |
| Place of publication, distribution, etc. | U.K: |
| Name of publisher, distributor, etc. | Pearson Prentice hall, |
| Date of publication, distribution, etc. | 2007. |
| 300 ## - PHYSICAL DESCRIPTION | |
| Extent | xxiii,473p.: |
| Other physical details | ill.; |
| Dimensions | 24cm. |
| 500 ## - GENERAL NOTE | |
| General note | Includes index glossary and appendix |
| 505 ## - FORMATTED CONTENTS NOTE | |
| Formatted contents note | Contents: Markets,demand and supply -- Markets in action -- The supply decision -- The market structures -- Wage and the distribution of income -- Market failures and government policy -- The national economy -- Money and interest rates -- Unemployment,inflation and growth -- Marcoeconomic policy -- International trade -- Balance of payment and exchange rates |
| 942 ## - ADDED ENTRY ELEMENTS (KOHA) | |
| Source of classification or shelving scheme | Library of Congress Classification |
| Koha item type | Books |
| Withdrawn status | Lost status | Source of classification or shelving scheme | Damaged status | Not for loan | Home library | Current library | Shelving location | Date acquired | Total Checkouts | Full call number | Barcode | Date last seen | Copy number | Price effective from | Koha item type |
|---|---|---|---|---|---|---|---|---|---|---|---|---|---|---|---|
| Library of Congress Classification | WISCONSIN INTERNATIONAL UNIVERSITY COLLEGE, GHANA - MAIN LIBRARY | WISCONSIN INTERNATIONAL UNIVERSITY COLLEGE, GHANA - MAIN LIBRARY | Reference | 15/07/2014 | HB171.S59 | 7680/107/14 | 15/07/2014 | 1 | 15/07/2014 | Books | |||||
| Library of Congress Classification | WISCONSIN INTERNATIONAL UNIVERSITY COLLEGE, GHANA - MAIN LIBRARY | WISCONSIN INTERNATIONAL UNIVERSITY COLLEGE, GHANA - MAIN LIBRARY | Law Library | 10/09/2014 | HB171.S59 | 339/13 | 10/09/2014 | 10/09/2014 | Books |
